| 000 | 00603nam a2200205Ia 4500 | ||
|---|---|---|---|
| 003 | OSt | ||
| 005 | 20220610095515.0 | ||
| 008 | 210423s2008 xx 000 0 und d | ||
| 020 | _a9788126518579 | ||
| 040 | _cAL | ||
| 041 | _aeng | ||
| 082 | _a543 CHAN | ||
| 100 |
_aCHAPMAN (Norman B),Ed. _941656 |
||
| 245 | _aAnalytical chemistry by open learning: modern infrared spectroscopy. | ||
| 260 |
_aChichester _bJohn Wiley & Sons _c2008 |
||
| 300 |
_axx,180 _bPB |
||
| 365 |
_b1177 _cINR |
||
| 906 | _aAnalytical ; chemistry ; infrared ; learning: ; modern ; open ; spectroscopy. | ||
| 942 |
_2ddc _cBK |
||
| 999 |
_c154623 _d154623 |
||